Sports Quiz

Random Sports or NCAA Quiz

Big Ten Football Coaches since JoePa Quiz Stats

 Plays Quiz not verified by Sporcle

Challenge
Share
Tweet
Embed
Score 0/69 Timer 10:00
0 Plays Today
University Coach % Correct
Penn StateJoe Paterno
96.6%
MichiganRich Rodriguez
91.6%
Ohio StateJim Tressel
90.3%
MichiganLloyd Carr
87.8%
IllinoisRon Zook
85.3%
IowaKirk Ferentz
85.3%
MichiganBo Schembechler
82.4%
Michigan StateMark Dantonio
79.4%
NorthwesternPat Fitzgerald
79%
WisconsinBarry Alvarez
78.2%
IowaHayden Fry
75.2%
Ohio StateJohn Cooper
72.3%
Michigan StateNick Saban
71.8%
Michigan StateJohn L. Smith
71.4%
WisconsinBret Bielema
70.2%
PurdueJoe Tiller
63.9%
MinnesotaJerry Kill
56.3%
IllinoisGary Moeller
52.9%
MichiganGary Moeller
52.9%
Michigan StateBobby Williams
51.3%
MinnesotaGlen Mason
50.8%
NorthwesternGary Barnett
50%
Ohio StateEarle Bruce
50%
NorthwesternRandy Walker
48.7%
IllinoisRon Turner
48.3%
IndianaKevin Wilson
44.5%
MinnesotaTim Brewster
44.5%
PurdueDanny Hope
42%
IndianaTerry Hoeppner
41.6%
IndianaLee Corso
41.2%
Michigan StateGary Perles
39.5%
IndianaBill Lynch
38.7%
IndianaGerry DiNardo
38.7%
IndianaCam Cameron
33.2%
IndianaBill Mallory
32.8%
University Coach % Correct
NorthwesternDennis Green
32.4%
MinnesotaLou Holtz
31.5%
IllinoisMike White
29.8%
IllinoisLou Tepper
24.4%
IllinoisJohn Mackovic
23.1%
MinnesotaJim Wacker
18.9%
Michigan StateDarryl Rogers
16%
PurdueJim Colletto
14.3%
PurdueFred Akers
13.9%
WisconsinDave McClain
13.4%
NorthwesternFrancis Peay
13%
IndianaSam Wyche
12.2%
Michigan StateMuddy Waters
11.3%
PurdueJim Young
11.3%
WisconsinDon Morton
10.5%
NorthwesternRick Venturi
9.2%
MinnesotaJohn Gutekunst
8.4%
NorthwesternJohn Pont
7.6%
PurdueLeon Burnett
7.6%
MinnesotaJoe Salem
6.3%
MinnesotaJeff Horton
5.9%
PurdueAlex Agase
5.9%
IllinoisBob Blackman
5.5%
IowaFrank Lauterbur
5%
IowaBob Commings
4.6%
Michigan StateMorris Watts
4.2%
Michigan StateDenny Stolz
4.2%
IowaRay Nagel
3.8%
MinnesotaCal Stoll
2.5%
WisconsinJim Hilles
2.5%
WisconsinJohn Jardine
2.5%
IllinoisJim Valek
1.3%
PurdueBob DeMoss
0.8%
WisconsinJohn Coatta
0.8%

You're not logged in!

Compare scores with friends on all Sporcle quizzes.
OR
Log In

You Might Also Like...

Show Comments

Extras

Top Quizzes Today


Score Distribution

Your Account Isn't Verified!

In order to create a playlist on Sporcle, you need to verify the email address you used during registration. Go to your Sporcle Settings to finish the process.

Report this User

Report this user for behavior that violates our Community Guidelines.

Details: